Melodía del mármol / (Record no. 131507)

MARC details
000 -LEADER
campo de control de longitud fija 00441nam a2200145 4500
001 - NÚMERO DE CONTROL
campo de control 131507
003 - IDENTIFICADOR DE NÚMERO DE CONTROL
campo de control ES-MaACL
007 - CAMPO FIJO DE DESCRIPCIÓN FÍSICA--INFORMACIÓN GENERAL
campo de control de longitud fija t|
008 - DATOS DE LONGITUD FIJA--INFORMACIÓN GENERAL
campo de control de longitud fija 070214s1982 sp r ||||1| spa d
100 1# - ENTRADA PRINCIPAL--NOMBRE DE PERSONA
Nombre de persona Rodríguez Alcalde, Leopoldo.
9 (RLIN) 98327
245 10 - MENCIÓN DEL TÍTULO
Título Melodía del mármol /
Mención de responsabilidad, etc. Leopoldo Rodríguez Alcalde.
260 ## - PUBLICACIÓN, DISTRIBUCIÓN, ETC.
Lugar de publicación, distribución, etc. Santander :
Nombre del editor, distribuidor, etc. [s.n.],
Fecha de publicación, distribución, etc. 1982 (
Fabricante Artes Gráf. Bedia)
300 ## - DESCRIPCIÓN FÍSICA
Extensión 57 p. :
Otras características físicas il. ;
Dimensiones 23 cm.
852 ## - LOCALIZACIÓN
Ubicación ES-MaACL
Número de control de estantería L-7302
Sublocalización o colección R.106726
Holdings
Estatus retirado Estado de pérdida Estado de daño No para préstamo Biblioteca de origen Biblioteca actual Ubicación en estantería Fecha de adquisición Fuente de adquisición Total de préstamos Signatura topográfica completa Código de barras Visto por última vez Precio de reemplazo Tipo de ítem Koha
        Biblioteca del Ateneo de Madrid Biblioteca del Ateneo de Madrid Depósito 2 17/01/2008     L-7302 1136906 23/02/2023 23/02/2023 Libro impreso